<?xml version="1.0" encoding="UTF-8"?>
<record
    xmlns:xsi="http://www.w3.org/2001/XMLSchema-instance"
    xsi:schemaLocation="http://www.loc.gov/MARC21/slim http://www.loc.gov/standards/marcxml/schema/MARC21slim.xsd"
    xmlns="http://www.loc.gov/MARC21/slim">

  <leader>00936nam a22002177a 4500</leader>
  <controlfield tag="008">100617s1983    ua|||||r|||| 000 0 ara d</controlfield>
  <datafield tag="082" ind1=" " ind2=" ">
    <subfield code="2">22</subfield>
    <subfield code="a">646.72</subfield>
    <subfield code="b">&#x648;&#x641; &#x627;</subfield>
  </datafield>
  <datafield tag="100" ind1=" " ind2=" ">
    <subfield code="9">14852</subfield>
    <subfield code="a">&#x623;&#x628;&#x648; &#x627;&#x644;&#x648;&#x641;&#x627;&#x60C; &#x639;&#x644;&#x64A;</subfield>
  </datafield>
  <datafield tag="245" ind1=" " ind2=" ">
    <subfield code="a">&#x623;&#x633;&#x631;&#x627;&#x631; &#x627;&#x644;&#x62C;&#x645;&#x627;&#x644; &#x648;&#x627;&#x644;&#x62C;&#x627;&#x630;&#x628;&#x64A;&#x629; /</subfield>
    <subfield code="c">&#x639;&#x644;&#x64A; &#x623;&#x628;&#x648; &#x627;&#x644;&#x648;&#x641;&#x627;</subfield>
  </datafield>
  <datafield tag="260" ind1=" " ind2=" ">
    <subfield code="a">&#x627;&#x644;&#x642;&#x627;&#x647;&#x631;&#x629;:</subfield>
    <subfield code="b">&#x62F;&#x627;&#x631; &#x623;&#x62E;&#x628;&#x627;&#x631; &#x627;&#x644;&#x64A;&#x648;&#x645; &#x60C; 1983</subfield>
    <subfield code="c">1983</subfield>
  </datafield>
  <datafield tag="300" ind1=" " ind2=" ">
    <subfield code="a">153 &#x635;:</subfield>
    <subfield code="b">&#x635;&#x648;&#x631;&#x61B;</subfield>
    <subfield code="c">19 &#x633;&#x645;</subfield>
  </datafield>
  <datafield tag="490" ind1=" " ind2=" ">
    <subfield code="9">14838</subfield>
    <subfield code="a"> &#x61B;&#x643;&#x62A;&#x627;&#x628; &#x627;&#x644;&#x64A;&#x648;&#x645; &#x627;&#x644;&#x637;&#x628;&#x64A;</subfield>
    <subfield code="v">19</subfield>
  </datafield>
  <datafield tag="500" ind1=" " ind2=" ">
    <subfield code="a">&#x625;&#x647;&#x62F;&#x627;&#x621; : &#x639;&#x644;&#x627;&#x621; &#x639;&#x628;&#x62F; &#x627;&#x644;&#x63A;&#x646;&#x64A;</subfield>
  </datafield>
  <datafield tag="650" ind1=" " ind2=" ">
    <subfield code="9">14853</subfield>
    <subfield code="a">&#x627;&#x644;&#x645;&#x631;&#x623;&#x629;</subfield>
    <subfield code="x">&#x62A;&#x62C;&#x645;&#x64A;&#x644;</subfield>
  </datafield>
  <datafield tag="650" ind1=" " ind2=" ">
    <subfield code="9">14854</subfield>
    <subfield code="a">&#x645;&#x633;&#x62A;&#x62D;&#x636;&#x631;&#x627;&#x62A; &#x627;&#x644;&#x62A;&#x62C;&#x645;&#x64A;&#x644;</subfield>
  </datafield>
  <datafield tag="650" ind1=" " ind2=" ">
    <subfield code="9">14855</subfield>
    <subfield code="a">&#x627;&#x644;&#x645;&#x643;&#x64A;&#x627;&#x62C;</subfield>
  </datafield>
  <datafield tag="650" ind1=" " ind2=" ">
    <subfield code="9">14856</subfield>
    <subfield code="a">&#x627;&#x644;&#x639;&#x637;&#x648;&#x631;</subfield>
  </datafield>
  <datafield tag="650" ind1=" " ind2=" ">
    <subfield code="9">14857</subfield>
    <subfield code="a">&#x627;&#x644;&#x632;&#x64A;&#x646;&#x629;&#x60C; &#x639;&#x644;&#x645;</subfield>
  </datafield>
  <datafield tag="942" ind1=" " ind2=" ">
    <subfield code="2">ddc</subfield>
    <subfield code="c">BB</subfield>
  </datafield>
  <datafield tag="999" ind1=" " ind2=" ">
    <subfield code="c">14108</subfield>
    <subfield code="d">14108</subfield>
  </datafield>
  <datafield tag="952" ind1=" " ind2=" ">
    <subfield code="0">0</subfield>
    <subfield code="1">0</subfield>
    <subfield code="2">ddc</subfield>
    <subfield code="4">0</subfield>
    <subfield code="7">0</subfield>
    <subfield code="8"> </subfield>
    <subfield code="a">MAIN</subfield>
    <subfield code="b">MAIN</subfield>
    <subfield code="c">1ST</subfield>
    <subfield code="d">2010-06-17</subfield>
    <subfield code="e">Donation</subfield>
    <subfield code="o">646.72 &#x623; &#x628; &#x648; </subfield>
    <subfield code="p">000020407</subfield>
    <subfield code="q">2014-03-10</subfield>
    <subfield code="r">2014-02-17 00:00:00</subfield>
    <subfield code="s">2014-02-17</subfield>
    <subfield code="y">BB</subfield>
  </datafield>
</record>
